Laurie Baker: Truth In Architecture (Record no. 357395)
[ view plain ]
| 000 -LEADER | |
|---|---|
| fixed length control field | 00590nam a22001817a 4500 |
| 005 - DATE AND TIME OF LATEST TRANSACTION | |
| control field | 20240305113412.0 |
| 008 - FIXED-LENGTH DATA ELEMENTS--GENERAL INFORMATION | |
| fixed length control field | 240305b |||||||| |||| 00| 0 eng d |
| 020 ## - INTERNATIONAL STANDARD BOOK NUMBER | |
| International Standard Book Number | 9788179253984 |
| 041 ## - LANGUAGE CODE | |
| Language code of text/sound track or separate title | Eng. |
| 082 ## - DEWEY DECIMAL CLASSIFICATION NUMBER | |
| Classification number | 720.95 |
| Item number | DEU |
| 100 ## - MAIN ENTRY--PERSONAL NAME | |
| Author | Deulgaonkar A. |
| 245 ## - TITLE STATEMENT | |
| Title | Laurie Baker: Truth In Architecture |
| 260 ## - PUBLICATION, DISTRIBUTION, ETC. | |
| Place of publication, distribution, etc. | Mumbai |
| Name of publisher, distributor, etc. | Jyotsna Prakashan |
| Date of publication, distribution, etc. | 2014 |
| 300 ## - PHYSICAL DESCRIPTION | |
| Extent | 196 p |
| Other physical details | PB |
| Dimensions | 21 x 15 cm |
| 365 ## - TRADE PRICE | |
| Price type code | INR |
| Price amount | 1050.00 |
| Currency code | Rupaye |
| 500 ## - GENERAL NOTE | |
| Keywords | 1) Foreword<br/>2) Preface <br/>3) Birmingham to Trivandrum<br/>4) The Architectural Schools And Baker<br/>5) Music of archtecture<br/>) |
| 942 ## - ADDED ENTRY ELEMENTS (KOHA) | |
| Koha item type | Books |
| Withdrawn status | Lost status | Source of classification or shelving scheme | Damaged status | Not for loan | Collection code | Home library | Current library | Date acquired | Vendor | Budget Code | Net Price | Bill number | Total Checkouts | Total Renewals | Full call number | Barcode | Date last seen | Date last checked out | Discount | Actual Price | Bill Date | Koha item type |
|---|---|---|---|---|---|---|---|---|---|---|---|---|---|---|---|---|---|---|---|---|---|---|
| Dewey Decimal Classification | Book of B Arch | Dr. Bhanuben Nanavati College of Architecture | Dr. Bhanuben Nanavati College of Architecture | 05/03/2024 | Word Bookshop | B.Arch. | 245.00 | 2382 | 6 | 2 | 720.95 DEU | BNCA-BK-12571 | 23/02/2026 | 16/02/2026 | 30% | 1050.00 | 28/02/2024 | Books | ||||
| Dewey Decimal Classification | Book of B Arch | Dr. Bhanuben Nanavati College of Architecture | Dr. Bhanuben Nanavati College of Architecture | 05/03/2024 | Word Bookshop | B.Arch. | 245.00 | 2382 | 9 | 720.95 DEU | BNCA-BK-12572 | 13/03/2026 | 13/03/2026 | 30% | 1050.00 | 28/02/2024 | Books | |||||
| Dewey Decimal Classification | Book of B Arch | Dr. Bhanuben Nanavati College of Architecture | Dr. Bhanuben Nanavati College of Architecture | 05/03/2024 | Word Bookshop | B.Arch. | 245.00 | 2382 | 14 | 720.95 DEU | BNCA-BK-12573 | 25/02/2026 | 29/01/2026 | 30% | 1050.00 | 28/02/2024 | Books |